00429pab a2200133 454500008004000000100002300040245011000063260000900173300001500182362000800197650001500205700002800220773004700248180718b2011 xxu||||| |||| 00| 0 eng d aSalamon, Lester M. aMeasuring the economic value of volunteer work globally: Concepts, estimates, and a roadmap to the future c2011 ap.217-252. aSep aVolunteers aSokolowski, S. Wojciech aAnnals of Public and Cooperative Economics